| 000 | 00948nam a2200205Ia 4500 | ||
|---|---|---|---|
| 003 | Ost | ||
| 005 | 20260507075638.0 | ||
| 008 | 260507s9999||||xx |||||||||||||| ||und|| | ||
| 040 | _cfsecg | ||
| 041 | _aara | ||
| 082 | _a342.02 | ||
| 100 |
_aالقاضي، عفيف المقدم _eمؤلف |
||
| 245 | 0 |
_aمحاضرات في الموازنة العامة / _c عفيف المقدم القاضي |
|
| 260 |
_aبيروت: _bالدار الجامعية, _c2000 |
||
| 300 |
_a74 صفحة؛ _c24 سم |
||
| 520 | _aالدستور و النصوص المالية مع أبرز خصائص الموازنة العامة ، مبدأ الشمول والشيوع مبدأسنوية الموازنة ، مبدأ وحدة الموازنة، اعداد الموازنة ، قرار الموازنة ،تنفيذ الموازنة ، ملااقبة تنفيذ الموتزنة | ||
| 653 | _aالدستور | ||
| 653 | _aالموازنة | ||
| 942 | _cكتاب | ||
| 999 |
_c45338 _d45338 |
||